20 jeux de mots = 20 fromages - Statistiques

Statistiques générales
  • Ce quiz a été pris 264 fois
  • Le résultat moyen est 4 sur 20
Statistiques - réponses
Indice Fromage % Correct
Robuste comme la roche Roquefort
74%
Harry Potter en compte sept Tomme
62%
Les stocks de ce fromage sont connus avec une grande précision Comté
35%
Au contraire de Lorient qui se trouve dans le Morbihan, le laurier ne rentre pas dans sa composition Morbier
22%
Les stocks de ce fromage sont pléthoriques Abondance
21%
Par conséquent sûrement séduisant Beaufort
20%
Pointu comme un éclat de verre Brie
17%
Le fromage préféré des prospecteurs de minerai précieux Mont-d'or
17%
De la présence d'un célèbre musicien germanique, on ne vous la fait plus... Mozzarella
17%
Met au monde un chef d'église Pont-l'Évêque
14%
Un félin très mal léché Chaource
13%
Si Méduse avait écrit Germinal Gorgonzola
13%
Havre particulièrement accueillant Port-Salut
8%
Un petit parfum de voyelle Gouda
7%
Aujourd'hui simple tas de ferraille, c'était encore un grand engin de chantier la veille Gruyère
7%
Fit acte de réjouissance Feta
6%
Par le nombre de mes années ! Parmesan
6%
Se dédouble "quand tu l'possèdes" Cantal
4%
Un sol très peu épais Munster
4%
Kiné réservé à la gente féminine Maasdam
3%
Aucun quiz correspondant
Distribution des résultats
% des personnes avec chaque résultat
Percentile par nombre de réponses
Votre historique - résultats
Vous n’avez pas pris ce quiz